Rheological behaviour of sisal fibre reinforced polystyrene melts (Record no. 51818)

MARC details
000 -LEADER
fixed length control field 00495nam a2200193Ia 4500
100 ## - MAIN ENTRY--AUTHOR NAME
Personal name Nair K.C.M.
245 #0 - TITLE STATEMENT
Title Rheological behaviour of sisal fibre reinforced polystyrene melts
260 ## - PUBLICATION, DISTRIBUTION, ETC. (IMPRINT)
Name of publisher Composites. Part A
Year of publication 2000
300 ## - PHYSICAL DESCRIPTION
Number of Pages 1231
650 ## - SUBJECT ADDED ENTRY--TOPICAL TERM
Topical Term Polystyrene
650 ## - SUBJECT ADDED ENTRY--TOPICAL TERM
Topical Term Rheology
650 ## - SUBJECT ADDED ENTRY--TOPICAL TERM
Topical Term Sisal fibre
700 ## - ADDED ENTRY--PERSONAL NAME
Personal name Prasanthakumar R.
700 ## - ADDED ENTRY--PERSONAL NAME
Personal name Ramamurthy K.
700 ## - ADDED ENTRY--PERSONAL NAME
Personal name Schit K.
700 ## - ADDED ENTRY--PERSONAL NAME
Personal name Thomas S.
942 ## - ADDED ENTRY ELEMENTS (KOHA)
Koha item type Bibliography STAF
Holdings
Withdrawn status Lost status Damaged status Not for loan Home library Current library Date acquired Serial Enumeration / chronology Koha item type
      Bibliography RRII Library RRII Library 09/04/2014 Volume 31, Issue Bibliography STAF